Is That a Harry Potter Character? Quiz Stats

 Plays Quiz Updated Nov 8, 2017

Challenge
Share
Tweet
Embed
Score 0/30 Timer 03:00
3 Plays Today
Given Name Y/N % Correct
Gellert Grindelwald???
83.1%
Teddy Lupin???
82.4%
Cormac McLaggen???
81.7%
Alicia Spinnet???
81.1%
Peter Parkinson???
79.5%
Frankie Flitwick???
78.5%
Antonin Dolohov???
78.4%
Armando Dippered???
78.1%
Jim McGraw???
77.9%
Eddy Abercrombie???
75.5%
Marietta Edgecombe???
75.2%
Frank Brown???
74.8%
John Dagworth???
74.7%
Ali Bashed???
72.6%
Michelle Corner???
70.3%
Given Name Y/N % Correct
Aurora Sinistra???
69.6%
Amos Delacour???
69.4%
Wilhelm Plank???
69.3%
Bathilda Bagman???
69%
Johnny Peakes???
68.1%
Cactusius Burke???
67.1%
Antioch Peverell???
61.9%
Olympic Maxime???
57.3%
Augustus Pye???
51.8%
Rolf Scamander???
49.9%
Willy Widdershins???
45.4%
Barnabas Cuffe???
42.1%
Herbert Chorley???
41.6%
Andrew Kirke???
38.1%
Stewart Ackerley???
37.6%

You're not logged in!

Compare scores with friends on all Sporcle quizzes.
OR
Log In

You Might Also Like...

Show Comments

Extras

Top Quizzes Today


Score Distribution

Your Account Isn't Verified!

In order to create a playlist on Sporcle, you need to verify the email address you used during registration. Go to your Sporcle Settings to finish the process.

Report this User

Report this user for behavior that violates our Community Guidelines.

Details: